| 000 | 00951nam a2200217Ia 4500 | ||
|---|---|---|---|
| 003 | GCL | ||
| 005 | 20240530103647.0 | ||
| 008 | 140319s9999 xx 000 0 ara d | ||
| 040 |
_aGCL / _cGCL |
||
| 082 | 0 | 4 |
_a659.2 _bس ك |
| 100 | 1 | _aسيكنجى، ديفيد | |
| 245 | 1 | 0 |
_aكيف تنظم مؤتمرات واجتماعات فعالة / _cسيكنجى، ديفيد ، ترجمة حسن ابشر الطيب ، راجع الترجمة سعود بن محمد النمر ؛ عبدالعزيز بن شافعى العتيبى |
| 260 |
_aالسعودية : _bالادارة العامة للبحوث ، _c1995 |
||
| 300 |
_a395 ص ؛ _c24 سم |
||
| 650 | 0 | 4 | _aالمؤتمرات |
| 650 | 0 | 4 | _aالمؤتمرات - تنظيم وادارة |
| 700 | 1 |
_aحسن ابشر الطيب _eمترجم |
|
| 700 | 1 |
_aسعود بن محمد النمر _eمراجع |
|
| 700 | 1 |
_aعبدالعزيز بن شافعى العتيبى _eمراجع |
|
| 942 |
_2ddc _cBK |
||
| 999 |
_c41482 _d41482 |
||